| 000 | 005040000a22001930004500 | ||
|---|---|---|---|
| 003 | LK-CoMWRAF | ||
| 005 | 20230825102232.0 | ||
| 008 | 230817t1999 ||||| |||| 00| 0 eng d | ||
| 020 | _a0670846570 | ||
| 040 |
_aLK-CoMWRAF _dLK-CoMWRAF _eLK-CoMWRAF |
||
| 041 | _aeng | ||
| 082 |
_a821 _bSET |
||
| 100 | _aSeth, Vikram | ||
| 245 |
_aBeastly Tales : _bFrom here and there |
||
| 260 |
_aNew Delhi (India) _bViking (Penguin Books India) _c1991 |
||
| 300 | _a93 p | ||
| 650 | _aEnglish Poetry | ||
| 942 | _cBK | ||
| 999 |
_c2231 _d2231 |
||